Hybridná aditívna výroba

Uložené v:
Podrobná bibliografia
Hlavný autor: Švecová, Miroslava (Autor)
Ďalší autori: Matúš, Miloš (Vedúci práce)
Médium: Rukopis Kniha
Jazyk:Slovak
Vydavateľské údaje: 2021
Predmet:
On-line prístup:http://is.stuba.sk/zp/portal_zp.pl?podrobnosti=150648
Tagy: Pridať tag
Žiadne tagy, Buďte prvý, kto otaguje tento záznam!

MARC

LEADER 00000ntm a22000003a 4500
001 stuzp85790
003 SK-STU
005 20210717210652.9
007 ta
008 150427s2015----xo-----f-mn---000-0-slo-d
040 |a STU  |b slo 
041 0 |a slo 
100 1 |a Švecová, Miroslava  |u 020070  |4 aut  |U SjF Strojnícka fakulta  |T SjF Ústav výrobných systémov, enviromentálnej techniky a manažment kvality  |X 91898  |U J0070  |Y 804  |7 91898 
242 0 1 |a Hybrid additive manufacturing  |y eng 
245 1 0 |a Hybridná aditívna výroba 
260 |c 2021 
650 4 |a aditívna výroba  |2 slo 
650 4 |a hybridná aditívna výroba  |2 slo 
650 4 |a hybridné procesy  |2 slo 
650 4 |a analýza  |2 slo 
650 4 |a závitovka  |2 slo 
650 4 |a additive manufacturing  |2 eng 
650 4 |a hybrid additive manufacturing  |2 eng 
650 4 |a hybrid processes  |2 eng 
650 4 |a analysis  |2 eng 
650 4 |a screw  |2 eng 
700 1 |a Matúš, Miloš  |u 020070  |k Z1  |4 ths  |U SjF Strojnícka fakulta  |T SjF Ústav výrobných systémov, enviromentálnej techniky a manažment kvality  |X 21762  |U J0070  |Y 804  |7 21762 
856 4 |u http://is.stuba.sk/zp/portal_zp.pl?podrobnosti=150648